| 000 | 01787nam a22002775a 4500 | ||
|---|---|---|---|
| 999 |
_c27435 _d27406 |
||
| 003 | EG-ScBUE | ||
| 005 | 20190505150026.0 | ||
| 008 | 190505s2018 ua gr 000 f ara d | ||
| 017 | _a2015 / 13806 | ||
| 020 | _a9789773768998 | ||
| 040 |
_aEG-ScBUE _bara _cEG-ScBUE _dEG-ScBUE |
||
| 082 | 0 | 4 |
_a823.912 _bأ و ر _222 |
| 100 | 1 |
_aأورويل، جورج، _d1903-1950. |
|
| 245 | 1 | 0 |
_a1984 : _bرواية / _cبقلم جورج أورويل ؛ ترجمة يارا سميح شعاع ؛ المراجعة اللغوية والتدقيق طه عبد الرؤوف سعد. |
| 246 | 3 |
_aألف وتسعمائة وأربعة وثمانين : _bرواية |
|
| 250 | _aط. 3. | ||
| 260 |
_aدمشق ؛ _aالقاهرة : _bدار الكتاب العربي، _c2018. |
||
| 300 |
_a336 ص. ؛ _c22 سم. |
||
| 520 | _aالرواية التي صورت بطريقة تنبؤية مجتمعا شموليا يخضع لدكتاتورية فئة ، تحكم باسم "الأخ الكبير" الذي يمثل الحزب الحاكم ، ويبنى سلطته على القمع والتعذيب وتزوير الوقائع والتاريخ ، باسم الدفاع عن الوطن والبروليتاريا. حزب يحصي على الناس أنفاسهم ويحوّل العلاقات الأنسانية والحب والزواج والعمل والأسرة إلى علاقات مراقبة تجرد الناس من أي تفرد وتخضعهم جميعا لنظام واحد ، لا ينطبق على مسؤولي الحزب. | ||
| 650 | 7 |
_aالقصص الإنجليزية _yقرن 20. _2BUEsh |
|
| 651 | _2BUEsh | ||
| 653 |
_bHHUUEENN _bGGEN _cMay2019 |
||
| 700 | 1 |
_aشعاع، يارا سميح، _eمترجم. |
|
| 700 | 1 |
_aسعد، طه عبد الرؤوف، _eمدقق لغوي. |
|
| 942 | _2ddc | ||